Campanya informativa als consumidors sobre productes financers d'alt risc : renda fixa renda fixa
Descripción Física:
1 f. plegat en 3 parts : 19 x 15 cm
Materias:
Instruments financers
MARC
| LEADER | 00000nam a2200000Ia 4500 | ||
|---|---|---|---|
| 001 | 23663 | ||
| 008 | 160829s2012 xx 000 0 cat d | ||
| 080 | |a FU-61-92 | ||
| 245 | |a Campanya informativa als consumidors sobre productes financers d'alt risc : |b renda fixa | ||
| 260 | |a Barcelona : |b Diputació de Barcelona. Àrea d'Atenció a les persones, |c 2012 | ||
| 300 | |a 1 f. plegat en 3 parts : |b 19 x 15 cm | ||
| 650 | |a Instruments financers |9 49479 | ||
| 710 | |a Barcelona (Catalunya : Província). |b Àrea d'Atenció a les Persones |9 52421 | ||
| 901 | |a Arxiu | ||
| 942 | |n 1 | ||
| 952 | |0 0 |1 0 |4 0 |6 FU6192 |7 1 |9 55386 |a Arxiu |b Arxiu |d 2016-12-01 |l 0 |o FU-61-92 |p 23663 |r 2016-12-01 00:00:00 |w 2016-12-01 |y ARXIU | ||
| 999 | |c 59259 |d 59259 | ||